<?xml version="1.0" encoding="UTF-8"?><?xml-stylesheet type="text/xsl" href="static/style.xsl"?><OAI-PMH xmlns="http://www.openarchives.org/OAI/2.0/" xmlns:xsi="http://www.w3.org/2001/XMLSchema-instance" xsi:schemaLocation="http://www.openarchives.org/OAI/2.0/ http://www.openarchives.org/OAI/2.0/OAI-PMH.xsd"><responseDate>2026-04-17T14:50:38Z</responseDate><request verb="GetRecord" identifier="oai:www.recercat.cat:2072/475066" metadataPrefix="marc">https://recercat.cat/oai/request</request><GetRecord><record><header><identifier>oai:recercat.cat:2072/475066</identifier><datestamp>2024-11-04T07:44:19Z</datestamp><setSpec>com_2072_98</setSpec><setSpec>col_2072_378192</setSpec></header><metadata><record xmlns="http://www.loc.gov/MARC21/slim" xmlns:dcterms="http://purl.org/dc/terms/" xmlns:xsi="http://www.w3.org/2001/XMLSchema-instance" xmlns:doc="http://www.lyncode.com/xoai" xsi:schemaLocation="http://www.loc.gov/MARC21/slim http://www.loc.gov/standards/marcxml/schema/MARC21slim.xsd">
   <leader>00925njm 22002777a 4500</leader>
   <datafield ind2=" " ind1=" " tag="042">
      <subfield code="a">dc</subfield>
   </datafield>
   <datafield ind2=" " ind1=" " tag="720">
      <subfield code="a">Oliva Cruz, Juan Ignacio</subfield>
      <subfield code="e">author</subfield>
   </datafield>
   <datafield ind2=" " ind1=" " tag="260">
      <subfield code="c">2024</subfield>
   </datafield>
   <datafield ind2=" " ind1=" " tag="520">
      <subfield code="a">Este artículo estudia comparativamente las imágenes de la Partición india de 1947 a través de varios poemas de dos autores muy diferentes entre sí en su temática y cronología, pero que comparten varios puntos en común: Jibanananda Das (1899-1954) y Taslima Nasreen (1962-). Así, se estudiarán las imágenes de una Bengala escindida, poniendo el enfoque en el sentido del lugar y la pertenencia, la percepción reivindicativa del territorio y, sobre todo, el amor por el paisaje habitado. Los textos, de este modo, conforman un imaginario específico que puede analizarse -desde la fisicalidad tangible de los nuevos materialismos ecológicos- como un espacio vivido, perdido y ensoñado, en el que el trauma epigenético encuentra continuos diálogos diacrónicos intertextuales. De forma especular y rizomática, los discursos estéticos de Das y los activistas de Nasreen, dibujan situaciones holísticas en las que la tierra y sus habitantes son un solo cuerpo biológico enfrentado a la caprichosa cartografía humana que produjo la Partición física del estado bengalí. De este modo, tanto la porosidad acumulativa de la poética de Das como la viscosidad de la resistencia política de Nasreen sirven de filtros materiales para la descripción única de la quiebra antropogénica con el bioma que habitan.</subfield>
   </datafield>
   <datafield ind2=" " ind1=" " tag="520">
      <subfield code="a">This article comparatively studies the images of the Indian Partition of 1947 through several poems by two authors very different from each other in their aesthetics and chronology, but who share several points in common: Jibanananda Das (1899-1954) and Taslima Nasreen (1962 -). Thus, the images of a divided Bengal will be studied, focusing on the sense of place and belonging, the vindicating perception of the territory and, above all, the love for the inhabited landscape. The texts, in this way, make up a specific imaginary that can be analyzed -from the tangible physicality of the new Ecological Materialisms- as a lived, lost and dreamed space, in which epigenetic trauma finds continuous diachronic intertextual dialogues. In a specular and rhizomatic way, the aesthetic discourse of Das and that of Nasreen's activism draw holistic situations in which Bengal and its inhabitants form a single biological body facing the capricious human cartography that produced the physical Partition of the territory. In this way, both the cumulative porosity of Das's poetics and the viscosity of Nasreen's political resistance serve as material filters for the unique description of the anthropogenic breakdown with the biome they inhabit.</subfield>
   </datafield>
   <datafield ind1="8" ind2=" " tag="024">
      <subfield code="a">http://hdl.handle.net/2072/475066</subfield>
   </datafield>
   <datafield tag="653" ind2=" " ind1=" ">
      <subfield code="a">Indian partition of Bengal</subfield>
   </datafield>
   <datafield tag="653" ind2=" " ind1=" ">
      <subfield code="a">Ecopoetry</subfield>
   </datafield>
   <datafield tag="653" ind2=" " ind1=" ">
      <subfield code="a">Jibanananda Das</subfield>
   </datafield>
   <datafield tag="653" ind2=" " ind1=" ">
      <subfield code="a">Taslima Nasreen</subfield>
   </datafield>
   <datafield tag="653" ind2=" " ind1=" ">
      <subfield code="a">Textural materialisms</subfield>
   </datafield>
   <datafield tag="653" ind2=" " ind1=" ">
      <subfield code="a">Spatial imaginaries</subfield>
   </datafield>
   <datafield tag="653" ind2=" " ind1=" ">
      <subfield code="a">Specular landscape analysis</subfield>
   </datafield>
   <datafield tag="653" ind2=" " ind1=" ">
      <subfield code="a">Partición india de Bengala</subfield>
   </datafield>
   <datafield tag="653" ind2=" " ind1=" ">
      <subfield code="a">Ecopoesía</subfield>
   </datafield>
   <datafield tag="653" ind2=" " ind1=" ">
      <subfield code="a">Materialismos texturales</subfield>
   </datafield>
   <datafield tag="653" ind2=" " ind1=" ">
      <subfield code="a">Imaginarios espaciales</subfield>
   </datafield>
   <datafield tag="653" ind2=" " ind1=" ">
      <subfield code="a">Análisis especular del paisaje</subfield>
   </datafield>
   <datafield ind2="0" ind1="0" tag="245">
      <subfield code="a">77 años de la Partición de Bengala en los espejos líquidos de Jibanananda Das y Taslima Nasreen</subfield>
   </datafield>
</record></metadata></record></GetRecord></OAI-PMH>